[Event "Nichelino op 14th"]
[Site "Nichelino"]
[Date "2013.10.06"]
[Round "4"]
[White "Gastaldello, Lorenzo"]
[Black "Melone, Antonio"]
[Result "0-1"]
[WhiteElo "1970"]
[BlackElo "2129"]
[PlyCount "42"]
[EventDate "2013.10.04"]
[EventType "swiss"]
[EventRounds "5"]
[EventCountry "ITA"]
[SourceTitle "EXT 2015"]
[Source "ChessBase"]
[SourceDate "2014.11.20"]
[SourceVersion "1"]
[SourceVersionDate "2014.11.20"]
[SourceQuality "1"]

1. Nf3 Nf6 2. g3 g6 3. Bg2 Bg7 4. 0-0 0-0 5. d4 d6 6. c4 Nbd7 7. Nc3 e5 8. e4 exd4 9. Nxd4 Re8 10. Re1 c6 11. b3 a5 12. Bb2 Nc5 13. Qd2 Ng4 14. Rad1 Ne5 15. Ba1 a4 16. Rb1 axb3 17. axb3 Ned3 18. Re3 Bxd4 19. Rxd3 Nxd3 20. Qxd3 Qf6 21. Qc2 Rxa1 0-1

[Event "Nichelino op 14th"]
[Site "Nichelino"]
[Date "2013.10.05"]
[Round "2"]
[White "Gastaldello, Lorenzo"]
[Black "Manunta, Andrea"]
[Result "1-0"]
[WhiteElo "1970"]
[BlackElo "1912"]
[PlyCount "75"]
[EventDate "2013.10.04"]
[EventType "swiss"]
[EventRounds "5"]
[EventCountry "ITA"]
[SourceTitle "EXT 2015"]
[Source "ChessBase"]
[SourceDate "2014.11.20"]
[SourceVersion "1"]
[SourceVersionDate "2014.11.20"]
[SourceQuality "1"]

1. c4 c5 2. Nc3 Nc6 3. g3 g6 4. Bg2 Bg7 5. Nf3 e5 6. 0-0 Nge7 7. d3 0-0 8. e3 d6 9. a3 Be6 10. Ng5 Bc8 11. Rb1 f6 12. Nf3 a5 13. Ne1 Be6 14. Qb3 Rb8 15. Nc2 f5 16. Rd1 Qc7 17. d4 cxd4 18. Nd5 Qd7 19. exd4 exd4 20. Bg5 Nc8 21. Re1 h6 22. Bd2 N8a7 23. Nb6 Qf7 24. Rxe6 Kh8 25. Bd5 Ne7 26. Nd7 Nxd5 27. Nxf8 Nf6 28. Nxg6+ Kg8 29. Nf4 Ne4 30. Bxa5 Be5 31. c5 Bxf4 32. gxf4 Kh7 33. Rxh6+ Kg8 34. Qxf7+ Kxf7 35. Nxd4 Rg8+ 36. Kf1 dxc5 37. Nxf5 b6 38. Rxb6 1-0

[Event "Biella op-B 4th"]
[Site "Biella"]
[Date "2013.09.29"]
[Round "5"]
[White "Gastaldello, Lorenzo"]
[Black "Drago, Paolo"]
[Result "1/2-1/2"]
[WhiteElo "1963"]
[BlackElo "1858"]
[PlyCount "79"]
[EventDate "2013.09.27"]
[EventType "swiss"]
[EventRounds "5"]
[EventCountry "ITA"]
[SourceTitle "EXT 2015"]
[Source "ChessBase"]
[SourceDate "2014.11.20"]
[SourceVersion "1"]
[SourceVersionDate "2014.11.20"]
[SourceQuality "1"]

1. c4 e6 2. g3 Nf6 3. Nc3 d5 4. d4 c6 5. Bg2 Bd6 6. b3 0-0 7. Nf3 Nbd7 8. 0-0 Re8 9. Bb2 Bc7 10. Re1 Nb6 11. Qd3 Nbd7 12. Nd2 dxc4 13. bxc4 e5 14. d5 Nc5 15. Qc2 cxd5 16. cxd5 e4 17. Ncxe4 Ncxe4 18. Nxe4 Nxd5 19. Rad1 Be6 20. Nc5 Bb6 21. Nxe6 fxe6 22. e4 Nb4 23. Qc3 Qe7 24. Bh3 Nc6 25. Bxe6+ Kh8 26. Rd7 Bd4 27. Rxe7 Bxc3 28. Rxe8+ Rxe8 29. Bxc3 Rxe6 30. f4 Kg8 31. Kf2 Kf7 32. Ke3 Ne7 33. Rd1 Rb6 34. Rd2 Rc6 35. Bb4 Ke8 36. Rd6 b6 37. Bc3 Kf7 38. Kd3 b5 39. a3 a6 40. e5 1/2-1/2

[Event "Biella op-B 4th"]
[Site "Biella"]
[Date "2013.09.28"]
[Round "3"]
[White "Guerini, Silvia"]
[Black "Gastaldello, Lorenzo"]
[Result "1/2-1/2"]
[WhiteElo "1777"]
[BlackElo "1963"]
[PlyCount "35"]
[EventDate "2013.09.27"]
[EventType "swiss"]
[EventRounds "5"]
[EventCountry "ITA"]
[SourceTitle "EXT 2015"]
[Source "ChessBase"]
[SourceDate "2014.11.20"]
[SourceVersion "1"]
[SourceVersionDate "2014.11.20"]
[SourceQuality "1"]

1. e4 c6 2. Nf3 d5 3. Nc3 Bg4 4. h3 Bxf3 5. Qxf3 Nf6 6. Be2 e6 7. 0-0 Nbd7 8. d4 dxe4 9. Nxe4 Nxe4 10. Qxe4 Nf6 11. Qd3 Bd6 12. Bg5 Bc7 13. Bh4 Rg8 14. Rad1 g5 15. Bg3 g4 16. h4 Bxg3 17. fxg3 h5 18. Rf2 1/2-1/2

[Event "Biella op 3rd"]
[Site "Biella"]
[Date "2012.09.29"]
[Round "2"]
[White "Milchev, Nikolay"]
[Black "Gastaldello, Lorenzo"]
[Result "1-0"]
[WhiteElo "2434"]
[BlackElo "1926"]
[PlyCount "111"]
[EventDate "2012.09.28"]
[EventType "swiss"]
[EventRounds "9"]
[EventCountry "ITA"]
[SourceTitle "EXT 2013"]
[Source "ChessBase"]
[SourceDate "2012.11.22"]
[SourceVersion "1"]
[SourceVersionDate "2012.11.22"]
[SourceQuality "1"]

1. c4 Nf6 2. Nf3 e6 3. g3 d5 4. Bg2 Be7 5. 0-0 0-0 6. b3 b6 7. Bb2 c5 8. e3 Bb7 9. Qe2 Nbd7 10. Nc3 a6 11. Nh4 Ne4 12. cxd5 exd5 13. Nf5 Bf6 14. d4 cxd4 15. Nxe4 dxe4 16. exd4 Bc6 17. Rfd1 Re8 18. Nd6 Re6 19. Nxe4 Bxe4 20. Bxe4 Nf8 21. Qd3 Ra7 22. Rac1 Rd6 23. Bf5 Ra8 24. Rc2 g6 25. Be4 Rc8 26. Rcd2 b5 27. Qf3 Ne6 28. Qe3 Rc7 29. d5 Nc5 30. Ba3 Nxe4 31. Qxe4 Rdd7 32. Re2 Bc3 33. Qe8+ Qxe8 34. Rxe8+ Kg7 35. Bf8+ Kf6 36. Rd3 g5 37. Ra8 Be5 38. Rf3+ Kg6 39. Rxa6+ f6 40. Rd3 Rc3 41. Rd2 Rc8 42. Bb4 Rb8 43. h3 Kf7 44. Kg2 Rbd8 45. d6 Rb8 46. Kf3 Ke6 47. Kg4 h5+ 48. Kf3 f5 49. Rc6 f4 50. g4 hxg4+ 51. hxg4 Rh8 52. Ke4 f3 53. Rd5 Bf4 54. Rxb5 Ra8 55. a4 Bxd6 56. Re5+ 1-0

[Event "Asti Alfieri Memorial 5th"]
[Site "Asti"]
[Date "2010.04.17"]
[Round "3"]
[White "Gastaldello, Lorenzo"]
[Black "Piantadosi, Angelo"]
[Result "0-1"]
[WhiteElo "1857"]
[BlackElo "1966"]
[PlyCount "114"]
[EventDate "2010.04.16"]
[EventType "swiss"]
[EventRounds "5"]
[EventCountry "ITA"]
[SourceTitle "EXT 2024"]
[Source "ChessBase"]
[SourceDate "2023.10.10"]
[SourceVersion "1"]
[SourceVersionDate "2023.10.10"]
[SourceQuality "1"]

1. d4 b6 2. Bf4 Bb7 3. e3 e6 4. Nf3 Nf6 5. Bd3 Be7 6. h3 d6 7. Nbd2 Nbd7 8. 0-0 0-0 9. c3 c5 10. Qc2 h6 11. Ne4 Nxe4 12. Bxe4 Bxe4 13. Qxe4 Nf6 14. Qd3 Rc8 15. Rad1 cxd4 16. exd4 Nh5 17. Bh2 f5 18. Qe2 Qd7 19. Nh4 Bxh4 20. Qxh5 Bf6 21. Rfe1 Rcd8 22. Rd3 Qf7 23. Qe2 e5 24. dxe5 dxe5 25. Bxe5 Rxd3 26. Qxd3 Re8 27. Qb5 a6 28. Qxb6 Bxe5 29. Kh1 Bf4 30. Rxe8+ Qxe8 31. g3 Bc1 32. b3 Bb2 33. Qxa6 Qe4+ 34. Kg1 Qe1+ 35. Kg2 Qe4+ 36. Kg1 Qf3 37. c4 Bd4 38. Qe6+ Kh7 39. Qe1 Qxg3+ 40. Kf1 Qxh3+ 41. Ke2 Qg4+ 42. Kd3 Qf4 43. f3 Bc5 44. Qe2 Qd4+ 45. Kc2 Bb4 46. Kb1 Ba3 47. Kc2 Qb2+ 48. Kd3 Qxe2+ 49. Kxe2 g5 50. Kf2 Kg6 51. Kg3 f4+ 52. Kg2 Kf5 53. Kh3 h5 54. Kg2 g4 55. Kf2 Ke5 56. Ke2 Kd4 57. Kf2 g3+ 0-1

[Event "Condino op"]
[Site "Condino"]
[Date "2009.07.30"]
[Round "5"]
[White "Gastaldello, Lorenzo"]
[Black "Schaberg, Wolfgang"]
[Result "1/2-1/2"]
[WhiteElo "1620"]
[BlackElo "1953"]
[PlyCount "68"]
[EventDate "2009.07.27"]
[EventType "swiss"]
[EventRounds "7"]
[EventCountry "ITA"]
[SourceTitle "CBM 131 Extra"]
[Source "ChessBase"]
[SourceDate "2009.09.03"]
[SourceVersion "2"]
[SourceVersionDate "2009.09.16"]
[SourceQuality "1"]

1. d4 d5 2. g3 Nf6 3. Bg2 e6 4. Nf3 c5 5. c3 Nc6 6. 0-0 Qb6 7. Re1 Bd6 8. Na3 0-0 9. Nc2 a5 10. Ng5 h6 11. Nh3 cxd4 12. Nxd4 e5 13. Qb3 Qxb3 14. Nxb3 a4 15. Nd2 Bf5 16. e4 Nxe4 17. Nxe4 dxe4 18. Kh1 Bc5 19. Be3 Bxe3 20. Rxe3 Bxh3 21. Bxh3 f5 22. Rd1 Rad8 23. Rxd8 Nxd8 24. Bf1 Ne6 25. Bc4 Kf7 26. f3 Rd8 27. fxe4 f4 28. gxf4 exf4 29. Rf3 g5 30. Rh3 Rh8 31. Bd5 b6 32. Rd3 Ke7 33. Bxe6 Kxe6 34. Rd4 a3 1/2-1/2